Word Ladder: Belle's Time Limit Quiz Stats

 Plays Quiz Updated Dec 16, 2014

Challenge
Share
Tweet
Embed
Score 0/26 Timer 02:00
5 Plays Today
Hint 4-Letter Word % Correct
Meat from cattle❀BEEF❀
96%
'There must be ___ than this provincial life!'MORE
94.2%
An often purplish vegetableBEET
93.5%
Colored, ranking clothing in karateBELT
93.2%
Lightning or Disney dogBOLT
91.9%
Yelled before swinging a golf club❀FORE❀
90.8%
Ground-dwelling mammalMOLE
90%
To shed skin (like a snake)MOLT
88%
Pop quiz or examTEST
84.6%
A beautiful flower❀ROSE❀
80.3%
Annoying presence, like a bugPEST
79.4%
To angle the body for a photographPOSE
78.9%
What a Brit might say instead of 'mail'POST
77.2%
Hint 4-Letter Word % Correct
Sumter, Donelson or pillowFORT
77.1%
0.3048 of a meterFOOT
76.9%
Rachel's partner on FriendsROSS
75.6%
Layer of clothing or paintCOAT
72.5%
To converse, talkCHAT
72.1%
Place where young mammal seeks nourishmentTEAT
70.9%
Those things you stub on furnitureTOES
68.3%
Pronoun for person, thing, etc❀THAT❀
68.1%
Type of bird or strange, old manCOOT
67.2%
Passes away from life❀DIES❀
67%
Bow or Neck varieties of clothingTIES
66.1%
Drags a car or other itemTOWS
64.9%
Propels a boat through waterROWS
63.8%

Today's Daily Dose

You're not logged in!

Compare scores with friends on all Sporcle quizzes.
Join for Free
OR
Log In

You Might Also Like...

Show Comments

Extras

Top Quizzes Today


Score Distribution

Your Account Isn't Verified!

In order to create a playlist on Sporcle, you need to verify the email address you used during registration. Go to your Sporcle Settings to finish the process.

Report this User

Report this user for behavior that violates our Community Guidelines.

Details: